000 00581nam a2200217Ia 4500
005 20260115172750.0
008 008 260114s9999 xx 000 0 eng d
020 _a9781108974431
037 _aEBOOK
040 _aCRL
_beng
_cCRL
041 _aeng
_2eng
084 _qCRL
100 _aStaniforth
_9878465
245 0 _aGlobal Atmospheric and Oceanic Modelling
260 _bCambridge University Press
260 _bCambridge University Press
260 _c2022
856 _uhttps://doi.org/10.1017/9781108974431
942 _cEBOOK
999 _c1477070
_d1477070